| 000 | 01172nam a2200253Ia 4500 | ||
|---|---|---|---|
| 999 |
_c56536 _d56536 |
||
| 001 | 23650 | ||
| 003 | GE_BSU | ||
| 005 | 20260305175254.0 | ||
| 008 | 181216s1960||||ge |||||||||||||| ||geo|| | ||
| 040 | _cGE_BSU | ||
| 041 | _ageo | ||
| 080 | _a94(517)"12 ც-63 | ||
| 100 |
_aცინცაძე, ი. _918922 |
||
| 245 |
_aმონღოლები და მონღოლთა დაპყრობები XII-XIII სს. / _cი. ცინცაძე ; რედ. : დ. გვრიტიშვილი. |
||
| 264 |
_aთბილისი : _bთბილ. უნ-ტის გამ-ბა, _c1960. |
||
| 300 |
_a211გვ. ; _c22 სმ. |
||
| 504 | _aბიბლიოგრაფია შენიშვნებში | ||
| 541 | _h5 ლ. | ||
| 653 | _aმონღოლები და მონღოლთა დაპყრობები XII-XIII სს. | ||
| 653 | _aმონღოლეთის ისტორია | ||
| 653 | _aმონღოლთა შემოსევა საქართველოში | ||
| 700 |
_aგვრიტიშვილი, დ. _eრედაქტორი _93872 |
||
| 942 |
_cBK _2udc |
||